[Event "Politiken Cup 2007"]
[Site "Helsingor"]
[Date "2007.07.25"]
[Round "6.81"]
[White "Thomassen, Thomas"]
[Black "Guttulsrud, Odd Martin"]
[Result "1/2-1/2"]
[WhiteElo "2047"]
[BlackElo "1426"]
[PlyCount "107"]
[EventDate "2007.??.??"]

1. Nf3 d5 2. d4 Nf6 3. g3 c6 4. Bg2 Bf5 5. c4 e6 6. O-O Bd6 7. Nh4 Bg6 8. Nd2
O-O 9. Nxg6 hxg6 10. Qc2 Nbd7 11. b3 Rc8 12. c5 Bc7 13. f4 Nh7 14. Nf3 f5 15.
b4 Nhf6 16. Ng5 Re8 17. Qb3 Nf8 18. a4 Ne4 19. Nf3 Nh7 20. Ne5 Bxe5 21. dxe5 b6
22. Bxe4 fxe4 23. Be3 Nf8 24. Rfc1 Nd7 25. cxb6 axb6 26. Ra2 c5 27. bxc5 bxc5
28. a5 d4 29. Bf2 e3 30. Be1 Qc7 31. Qc4 Qc6 32. Rac2 Qd5 33. Bb4 Qb7 34. a6
Qa7 35. Qd3 Rc6 36. Ra1 Rec8 37. Bxc5 Rxc5 38. Qxd4 Qc7 39. a7 Rxc2 40. a8=Q
Rxa8 41. Rxa8+ Kf7 42. Qxe3 Qb6 43. Qxb6 Nxb6 44. Ra7+ Kf8 45. Kf2 Nd5 46. Kf3
Rc3+ 47. Kg4 Re3 48. Ra2 Kf7 49. Kg5 Ne7 50. Rb2 Rc3 51. g4 Re3 52. Ra2 Re4 53.
Rb2 Re3 54. Ra2 1/2-1/2

[Event "Politiken Cup 2007"]
[Site "Helsingor"]
[Date "2007.07.25"]
[Round "6.82"]
[White "Valla, Martin"]
[Black "Christensen, Simon Ellegaard"]
[Result "1-0"]
[WhiteElo "2033"]
[BlackElo "1508"]
[PlyCount "101"]
[EventDate "2007.??.??"]

1. d4 Nf6 2. c4 e6 3. Nc3 Bb4 4. Qc2 b6 5. e4 Bxc3+ 6. bxc3 d6 7. Bd3 Bb7 8.
Ne2 e5 9. O-O h6 10. f4 Nbd7 11. a4 a5 12. Ba3 Ng4 13. Rf3 exf4 14. Nxf4 O-O
15. Raf1 f5 16. Ne6 Qe7 17. Nxf8 Rxf8 18. h3 fxe4 19. Rxf8+ Nxf8 20. hxg4 exd3
21. Qxd3 Qg5 22. Qf5 Qxf5 23. Rxf5 Be4 24. Rf4 Bc2 25. c5 Ne6 26. Rf2 Bxa4 27.
cxb6 cxb6 28. Bxd6 Bb3 29. Kf1 a4 30. Ke2 Ng5 31. Kd3 b5 32. Be7 Bc4+ 33. Ke3
Ne6 34. Ke4 Nc7 35. Rf5 g6 36. Rf8+ Kg7 37. Rc8 Ne6 38. d5 Kf7 39. Bb4 Ng5+ 40.
Ke5 h5 41. d6 Be6 42. Rc7+ Ke8 43. Re7+ Kd8 44. Rxe6 Nxe6 45. Kxe6 a3 46. d7
Kc7 47. Ba5+ Kb7 48. d8=Q a2 49. Qc7+ Ka8 50. Bb6 a1=Q 51. Qc8# 1-0

[Event "Politiken Cup 2007"]
[Site "Helsingor"]
[Date "2007.07.25"]
[Round "6.83"]
[White "Andersen, Harry"]
[Black "Mikkelsen, Nikolaj"]
[Result "1-0"]
[WhiteElo "1912"]
[BlackElo "2303"]
[PlyCount "93"]
[EventDate "2007.??.??"]

1. e4 c5 2. Nf3 d6 3. d4 cxd4 4. Nxd4 Nf6 5. Nc3 a6 6. Bc4 e6 7. a4 Nc6 8. O-O
Qc7 9. Nxc6 bxc6 10. a5 d5 11. Bd3 h5 12. Qf3 Bd6 13. g3 Bb7 14. Re1 Be5 15.
Ra3 h4 16. Rb3 hxg3 17. fxg3 Bd4+ 18. Be3 Bxe3+ 19. Qxe3 Rxh2 20. Qf4 e5 21.
Rxb7 Qxb7 22. Qxe5+ Kf8 23. Qd6+ Kg8 24. Kxh2 Re8 25. Na4 dxe4 26. Nc5 Qb4 27.
Rxe4 Nxe4 28. Nxe4 Qxa5 29. Qxc6 Qh5+ 30. Kg2 f5 31. Qc4+ Kh8 32. Nd6 Rf8 33.
Nxf5 Rd8 34. Nh4 g5 35. Qc3+ Kg8 36. Qc4+ Kh8 37. Ng6+ Kg7 38. Qxa6 Qd1 39.
Qb7+ Kh6 40. Qf3 Qd2+ 41. Qf2 Qa5 42. Qf6 Qd2+ 43. Kh3 g4+ 44. Kxg4 Qd1+ 45.
Kf5 Rg8 46. Nf8+ Kh5 47. Qh4# 1-0

[Event "Politiken Cup 2007"]
[Site "Helsingor"]
[Date "2007.07.25"]
[Round "6.84"]
[White "Fjellengen, Baard"]
[Black "Dalberg, Preben"]
[Result "0-1"]
[WhiteElo "1899"]
[BlackElo "2205"]
[PlyCount "70"]
[EventDate "2007.??.??"]

1. d4 d5 2. c4 Nc6 3. Nc3 dxc4 4. d5 Ne5 5. f4 Ng4 6. h3 N4f6 7. e4 e6 8. Bxc4
exd5 9. Bxd5 Nxd5 10. Qxd5 Qxd5 11. Nxd5 Bd6 12. Be3 Be6 13. Nc3 Bb4 14. Nge2
Ne7 15. Kf2 c6 16. a3 Ba5 17. Na4 Bc7 18. Rac1 O-O 19. Nc5 Bc8 20. Nb3 b6 21.
Nbd4 c5 22. Nb5 Bb8 23. Ng3 Ba6 24. Nc3 f5 25. e5 Bxe5 26. fxe5 f4 27. Bxf4
Rxf4+ 28. Ke3 Rd4 29. Rhd1 Rad8 30. Nge4 Nc6 31. Kf4 Rf8+ 32. Ke3 Re8 33. Ne2
Rxe4+ 34. Kxe4 Rxe5+ 35. Kf4 Rxe2 0-1

[Event "Politiken Cup 2007"]
[Site "Helsingor"]
[Date "2007.07.25"]
[Round "6.85"]
[White "Hernandez Castro, Julio Cesar"]
[Black "Nielsen, Jacob Woge"]
[Result "1/2-1/2"]
[WhiteElo "1898"]
[BlackElo "2111"]
[PlyCount "78"]
[EventDate "2007.??.??"]

1. c4 e5 2. g3 c6 3. Bg2 d5 4. cxd5 cxd5 5. Qb3 Nf6 6. Nc3 d4 7. Ne4 Nxe4 8.
Bxe4 Qd7 9. Bg2 Nc6 10. Nf3 Be7 11. d3 O-O 12. O-O Qe6 13. Qxe6 Bxe6 14. Ng5
Bg4 15. Nf3 f6 16. Bd2 Rac8 17. Rac1 Be6 18. a3 Bb3 19. Bh3 f5 20. Nh4 g6 21.
Bh6 Rfd8 22. Nf3 Bf6 23. Bg5 Kf7 24. Bxf6 Kxf6 25. Nd2 Na5 26. Bg2 b6 27. Nxb3
Nxb3 28. Rc6+ Rxc6 29. Bxc6 Rc8 30. Ba4 Nc5 31. Rc1 Rd8 32. Bb5 a6 33. Bc4 a5
34. Bb5 Ke7 35. b4 axb4 36. axb4 Ne6 37. Rc6 Rd6 38. Rc8 Rd8 39. Rc6 Rd6
1/2-1/2

[Event "Politiken Cup 2007"]
[Site "Helsingor"]
[Date "2007.07.25"]
[Round "6.86"]
[White "Doran, Chris"]
[Black "Larsen, Finn"]
[Result "1-0"]
[WhiteElo "2060"]
[BlackElo "1840"]
[PlyCount "57"]
[EventDate "2007.??.??"]

1. e4 e5 2. Nf3 Nc6 3. Bb5 a6 4. Ba4 Nf6 5. O-O b5 6. Bb3 Be7 7. Re1 O-O 8. a4
Bb7 9. d3 h6 10. Nbd2 d6 11. Nf1 Re8 12. Ng3 Bf8 13. Nf5 Ne7 14. N3h4 b4 15.
Qf3 Nxf5 16. Nxf5 Bc8 17. Qg3 Bxf5 18. exf5 Nh7 19. Bxh6 Qf6 20. Bd2 Qxf5 21.
Re3 Qd7 22. Qh4 Qe7 23. Qxe7 Bxe7 24. Bxb4 c6 25. Rae1 Kf8 26. d4 c5 27. dxc5
dxc5 28. Bc3 f6 29. Rh3 1-0

[Event "Politiken Cup 2007"]
[Site "Helsingor"]
[Date "2007.07.25"]
[Round "6.87"]
[White "Schmidt, Horst Hubert"]
[Black "Akdag, Dara"]
[Result "0-1"]
[WhiteElo "1896"]
[BlackElo "2053"]
[PlyCount "66"]
[EventDate "2007.??.??"]

1. e4 c5 2. g3 d5 3. Bg2 d4 4. d3 Nc6 5. Ne2 h5 6. h3 e5 7. f4 Qc7 8. Na3 Be6
9. fxe5 Nxe5 10. Bf4 f6 11. Qd2 a6 12. O-O O-O-O 13. c3 Kb8 14. cxd4 cxd4 15.
Rac1 Qb6 16. Nc4 Bxc4 17. Rxc4 Ka8 18. Bxe5 fxe5 19. Qc2 Ne7 20. b4 Nc6 21. b5
axb5 22. Rb1 Qa6 23. Rc5 Bxc5 24. Qxc5 b4 25. Nc1 Rhf8 26. Nb3 Qxd3 27. Rc1 Qa6
28. Bf1 d3 29. Kg2 Qxa2+ 30. Kh1 Qxb3 31. Ra1+ Kb8 32. Kg1 Rxf1+ 33. Rxf1 d2
0-1

[Event "Politiken Cup 2007"]
[Site "Helsingor"]
[Date "2007.07.25"]
[Round "6.88"]
[White "Christensen, Emilie Ellegaard"]
[Black "Cannon, Raymond C"]
[Result "0-1"]
[WhiteElo "1880"]
[BlackElo "2050"]
[PlyCount "44"]
[EventDate "2007.??.??"]

1. d4 Nf6 2. c4 c5 3. d5 e6 4. Nc3 exd5 5. cxd5 d6 6. e4 g6 7. Bd3 Bg7 8. f4
O-O 9. Nf3 b5 10. O-O c4 11. Bc2 b4 12. Nb5 Qb6+ 13. Nbd4 Re8 14. Re1 Nxd5 15.
exd5 Bxd4+ 16. Nxd4 Rxe1+ 17. Qxe1 Qxd4+ 18. Kh1 Nd7 19. Qxb4 Qxd5 20. Be3 Bb7
21. Qd2 Re8 22. Re1 Rxe3 0-1

[Event "Politiken Cup 2007"]
[Site "Helsingor"]
[Date "2007.07.25"]
[Round "6.89"]
[White "Jorgensen, Arne Bjorn"]
[Black "Cromsight, Jeroen"]
[Result "1-0"]
[WhiteElo "2049"]
[BlackElo "1872"]
[PlyCount "131"]
[EventDate "2007.??.??"]

1. d4 Nf6 2. c4 c5 3. d5 e6 4. Nc3 exd5 5. cxd5 g6 6. e4 d6 7. Nf3 Bg7 8. Be2
O-O 9. O-O Na6 10. h3 Nc7 11. a4 b6 12. Re1 a6 13. Bf4 Nh5 14. Bh2 f5 15. exf5
gxf5 16. Nd2 Nf6 17. Bf3 Ne4 18. Bxe4 fxe4 19. Ndxe4 Ne8 20. Qd2 h6 21. Re2 Ra7
22. Rae1 Raf7 23. Kh1 Bd4 24. Bg3 Rg7 25. Qxh6 Bg4 26. f3 Bf5 27. Bh2 Rg6 28.
Qd2 Ng7 29. Nf2 Qh4 30. Ng4 Bxg4 31. fxg4 Rgf6 32. Qd1 Rf2 33. Rxf2 Rxf2 34.
Rf1 Rxb2 35. Qf3 Qg5 36. Ne4 Qg6 37. Nxd6 Ra2 38. Nf5 Nxf5 39. gxf5 Qf7 40. d6
Kh7 41. Qe4 Bf6 42. Qe6 Kg7 43. Rd1 Rxa4 44. d7 Qxe6 45. fxe6 Re4 46. d8=Q Bxd8
47. Rxd8 Re1+ 48. Bg1 Rxe6 49. Rc8 Re4 50. Rc6 Rb4 51. Bxc5 bxc5 52. Rxc5 Rb1+
53. Kh2 Ra1 54. Kg3 a5 55. Kg4 a4 56. Ra5 a3 57. h4 Ra2 58. Kh5 Kf6 59. g4 Ke6
60. Kg5 Kf7 61. Ra7+ Ke6 62. h5 Ke5 63. h6 Ke6 64. h7 Rh2 65. Kg6 Rh4 66. g5
1-0

[Event "Politiken Cup 2007"]
[Site "Helsingor"]
[Date "2007.07.25"]
[Round "6.90"]
[White "Oskarsson, Aron Ingi"]
[Black "Nordfjoerd, Sverrir"]
[Result "1/2-1/2"]
[WhiteElo "1871"]
[BlackElo "2039"]
[PlyCount "84"]
[EventDate "2007.??.??"]

1. e4 e5 2. Nf3 Nc6 3. Bb5 Nf6 4. O-O Nxe4 5. d4 Nd6 6. Bxc6 dxc6 7. dxe5 Nf5
8. Qxd8+ Kxd8 9. Nc3 Ke8 10. b3 Bb4 11. Bb2 h6 12. h3 Be6 13. Ne2 Rd8 14. Rad1
Bd5 15. Nfd4 Nxd4 16. Nxd4 Bc5 17. Rfe1 Bxd4 18. Rxd4 Be6 19. Rxd8+ Kxd8 20. f4
g6 21. Kh2 Kc8 22. Rd1 Rd8 23. Rxd8+ Kxd8 24. g4 Kd7 25. Kg3 c5 26. h4 Kc6 27.
c4 Kd7 28. Bc1 Ke7 29. h5 gxh5 30. f5 Bd7 31. Bxh6 hxg4 32. Kxg4 a5 33. Bd2 b6
34. a3 Bc6 35. b4 cxb4 36. axb4 a4 37. c5 a3 38. Kf4 a2 39. Bc3 Ba4 40. Ke3 Bc2
41. f6+ Ke6 42. Kd4 Bb3 1/2-1/2

[Event "Politiken Cup 2007"]
[Site "Helsingor"]
[Date "2007.07.25"]
[Round "6.91"]
[White "Motzkus, Mikkel"]
[Black "Andersen, Rune Egede"]
[Result "0-1"]
[WhiteElo "1839"]
[BlackElo "2016"]
[PlyCount "57"]
[EventDate "2007.??.??"]

1. e4 e6 2. d4 d5 3. exd5 exd5 4. Bd3 Nc6 5. c3 Bd6 6. Nf3 Bg4 7. O-O Nge7 8.
h3 Bh5 9. Re1 Qd7 10. Be3 O-O-O 11. Nbd2 g5 12. Bxg5 Rhg8 13. h4 f6 14. Be3 Qg4
15. Bf1 Nf5 16. Qc2 Nce7 17. Nh2 Bxh2+ 18. Kxh2 Nxh4 19. g3 Qg7 20. Bh3+ Bg4
21. Bxg4+ Qxg4 22. Qd1 Qg6 23. Bf4 Nhf5 24. Nf3 Qh5+ 25. Nh4 Rg4 26. f3 Rxf4
27. gxf4 Qxh4+ 28. Kg2 Rg8+ 29. Kf1 0-1

[Event "Politiken Cup 2007"]
[Site "Helsingor"]
[Date "2007.07.25"]
[Round "6.92"]
[White "Palsson, Svanberg Mar"]
[Black "Preuss, Flemming"]
[Result "0-1"]
[WhiteElo "1817"]
[BlackElo "2013"]
[PlyCount "70"]
[EventDate "2007.??.??"]

1. d4 f5 2. g3 Nf6 3. Bg2 g6 4. h4 Bg7 5. h5 Nxh5 6. e4 Nf6 7. e5 Ng8 8. f4 d5
9. b3 Nh6 10. c4 Be6 11. Nh3 Nf7 12. Qd2 c6 13. Bb2 Na6 14. Na3 Qd7 15. O-O-O
h5 16. Kb1 Nc7 17. Qd3 Bh6 18. Rd2 O-O-O 19. Bf3 Kb8 20. Nc2 Bg7 21. Ne3 Nh6
22. Ng5 Ng4 23. Ng2 Bh6 24. Nxe6 Qxe6 25. Nh4 Qf7 26. Ba3 Bf8 27. e6 Qxe6 28.
Re2 Qf6 29. Bxg4 hxg4 30. cxd5 Rxd5 31. Rd1 e6 32. Bxf8 Rxf8 33. Re5 Rfd8 34.
Qc4 Nb5 35. Rde1 Na3+ 0-1

[Event "Politiken Cup 2007"]
[Site "Helsingor"]
[Date "2007.07.25"]
[Round "6.94"]
[White "Andersen, Daniel"]
[Black "Hedler, Robert"]
[Result "1-0"]
[WhiteElo "1997"]
[BlackElo "1800"]
[PlyCount "79"]
[EventDate "2007.??.??"]

1. c4 b6 2. Nc3 g6 3. e4 Bg7 4. d4 Bb7 5. Be3 a6 6. Qd2 e6 7. O-O-O d6 8. f3
Nd7 9. h4 h6 10. Bd3 e5 11. Nge2 Ne7 12. Kb1 exd4 13. Nxd4 Ne5 14. Be2 c5 15.
Nc2 Nc8 16. f4 Nd7 17. h5 Qe7 18. Nd5 Bxd5 19. Qxd5 Rb8 20. Bf3 b5 21. Bc1 bxc4
22. hxg6 fxg6 23. e5 Ndb6 24. Qe4 Qf7 25. Bg4 d5 26. Qe3 d4 27. Qe4 Ne7 28. Ka1
Ned5 29. f5 c3 30. b3 gxf5 31. Bxf5 a5 32. Bg6 O-O 33. Bxf7+ Rxf7 34. Bxh6 a4
35. bxa4 Ra8 36. Rdf1 Rc7 37. Bxg7 Rxg7 38. Rh6 Ne3 39. Nxe3 dxe3 40. Rxb6 1-0

[Event "Politiken Cup 2007"]
[Site "Helsingor"]
[Date "2007.07.25"]
[Round "6.95"]
[White "Melkeraaen, Terje"]
[Black "Green, Per"]
[Result "1-0"]
[WhiteElo "1801"]
[BlackElo "1997"]
[PlyCount "107"]
[EventDate "2007.??.??"]

1. d4 Nf6 2. c4 e6 3. Nc3 Bb4 4. Qc2 O-O 5. Nf3 b6 6. Bg5 Ba6 7. e3 h6 8. Bh4
d6 9. Be2 Nbd7 10. O-O Bxc3 11. Qxc3 c5 12. Rfd1 cxd4 13. Qa3 Bb7 14. Rxd4 d5
15. Rad1 Qc8 16. cxd5 exd5 17. Bb5 Nc5 18. Bxf6 gxf6 19. Bd3 Ne4 20. h3 f5 21.
Qe7 f6 22. Bxe4 fxe4 23. Nh4 Rf7 24. Qd6 Kh7 25. Qf4 f5 26. Kh2 Qb8 27. Qxb8
Rxb8 28. Rc1 Rg8 29. g3 Kg7 30. Kg2 Kf6 31. Kf1 Ke5 32. Ke1 Kd6 33. Rd2 f4 34.
exf4 e3 35. Rd4 exf2+ 36. Kxf2 Re8 37. Rcd1 Kc5 38. Nf3 a5 39. a3 Kd6 40. g4
Rc7 41. R1d2 Rc1 42. f5 Ke7 43. Re2+ Kf7 44. Rxe8 Kxe8 45. h4 Rc2+ 46. Rd2 Rc4
47. Nd4 Kf7 48. Ke3 Bc8 49. g5 Rc1 50. Kf4 Re1 51. Re2 Rh1 52. Nf3 Rh3 53. f6
Be6 54. gxh6 1-0

[Event "Politiken Cup 2007"]
[Site "Helsingor"]
[Date "2007.07.25"]
[Round "6.96"]
[White "Goes, Dirk"]
[Black "Traustason, Ingi Tandri"]
[Result "1/2-1/2"]
[WhiteElo "1987"]
[BlackElo "1782"]
[PlyCount "34"]
[EventDate "2007.??.??"]

1. d4 Nf6 2. Bg5 e6 3. e3 d5 4. Bd3 Be7 5. Nd2 Nbd7 6. f4 c5 7. c3 c4 8. Bc2 b5
9. Ngf3 Ng4 10. Bxe7 Qxe7 11. Qe2 f5 12. Ne5 Ngf6 13. Nxd7 Bxd7 14. Nf3 O-O 15.
Ne5 b4 16. O-O Be8 17. h3 b3 1/2-1/2

[Event "Politiken Cup 2007"]
[Site "Helsingor"]
[Date "2007.07.25"]
[Round "6.97"]
[White "Joensen, Jogvan"]
[Black "Mamak, Wojciech"]
[Result "0-1"]
[WhiteElo "1752"]
[BlackElo "1985"]
[PlyCount "102"]
[EventDate "2007.??.??"]

1. d4 Nf6 2. Nf3 g6 3. Nbd2 Bg7 4. e4 d6 5. Bc4 O-O 6. Qe2 Nc6 7. c3 e5 8. dxe5
Nxe5 9. Nxe5 dxe5 10. O-O Qe7 11. a4 a5 12. b3 Rd8 13. Ba3 Qe8 14. Rad1 Bg4 15.
f3 Bd7 16. Bd3 Nh5 17. g3 Bh3 18. Rfe1 Qc6 19. c4 Rd7 20. Bc2 Rad8 21. Nf1 Bxf1
22. Rxf1 Bf8 23. Bxf8 Kxf8 24. Rxd7 Rxd7 25. Rd1 Qc5+ 26. Kg2 Ke7 27. Rxd7+
Kxd7 28. Qd2+ Kc6 29. Qd5+ Qxd5 30. cxd5+ Kc5 31. Bd3 Kd4 32. Bc4 Nf6 33. d6
cxd6 34. Bxf7 g5 35. Kf2 g4 36. Ke2 gxf3+ 37. Kxf3 Nxe4 38. Bg8 Nf6 39. Bf7 d5
40. h4 e4+ 41. Ke2 Ke5 42. Kd2 d4 43. Bc4 h5 44. Bf1 d3 45. Bxd3 exd3 46. Kxd3
Ne4 47. Kc4 Nxg3 48. Kb5 Kd5 49. Kxa5 Kc5 50. b4+ Kc6 51. b5+ Kc5 0-1

[Event "Politiken Cup 2007"]
[Site "Helsingor"]
[Date "2007.07.25"]
[Round "6.98"]
[White "Koskinen, Veikko"]
[Black "Thorfinnsdottir, Elsa Maria"]
[Result "1/2-1/2"]
[WhiteElo "1977"]
[BlackElo "1693"]
[PlyCount "23"]
[EventDate "2007.??.??"]

1. e4 e5 2. Nf3 Nc6 3. Bb5 g6 4. O-O Bg7 5. c3 a6 6. Bxc6 dxc6 7. d4 Bg4 8.
dxe5 Qxd1 9. Rxd1 Bxf3 10. gxf3 Bxe5 11. Be3 Ne7 12. Nd2 1/2-1/2

[Event "Politiken Cup 2007"]
[Site "Helsingor"]
[Date "2007.07.25"]
[Round "6.99"]
[White "Tuomisto, Keijo"]
[Black "Clausen, HansJørgen"]
[Result "1-0"]
[WhiteElo "1965"]
[BlackElo "1667"]
[PlyCount "129"]
[EventDate "2007.??.??"]

1. e4 b6 2. d4 Bb7 3. Nc3 e6 4. Bd3 Nf6 5. Qe2 d6 6. Nf3 Nbd7 7. O-O Be7 8. Re1
O-O 9. a3 c5 10. Bg5 cxd4 11. Nxd4 e5 12. Nf5 a6 13. Rad1 Re8 14. Bc4 b5 15.
Ba2 Qc7 16. Qd2 Rad8 17. Nxe7+ Rxe7 18. Qxd6 Qxd6 19. Rxd6 Rde8 20. Red1 h6 21.
Bh4 g5 22. Bg3 Kg7 23. f3 Nc5 24. Bf2 Rc8 25. R1d2 Rec7 26. Bxc5 Rxc5 27. Bb3
a5 28. a4 bxa4 29. Nxa4 R5c6 30. Nc3 Rxd6 31. Rxd6 Rc7 32. Ba4 Bc8 33. Nd5 Nxd5
34. Rxd5 f6 35. Rxa5 Bd7 36. Bxd7 Rxd7 37. Rd5 Ra7 38. Rd2 Kf7 39. Kf2 Ke6 40.
c3 Rc7 41. Ke2 h5 42. h3 Rg7 43. c4 g4 44. hxg4 hxg4 45. g3 gxf3+ 46. Kxf3 Rb7
47. c5 Rb3+ 48. Kg4 Rb5 49. Rd6+ Ke7 50. Kf5 Rxb2 51. Re6+ Kd7 52. Rxf6 Rg2 53.
Rg6 Rc2 54. c6+ Kc7 55. g4 Rf2+ 56. Kxe5 Rd2 57. g5 Rd1 58. Re6 Rg1 59. g6 Rg5+
60. Kf6 Rg1 61. Kf7 Rf1+ 62. Rf6 Re1 63. Rf4 Kxc6 64. g7 Rg1 65. g8=Q 1-0

[Event "Politiken Cup 2007"]
[Site "Helsingor"]
[Date "2007.07.25"]
[Round "6.100"]
[White "Rostgaard, Tobias Valentin"]
[Black "Nielsen, Preben"]
[Result "1/2-1/2"]
[WhiteElo "1656"]
[BlackElo "1962"]
[PlyCount "63"]
[EventDate "2007.??.??"]

1. e4 c5 2. Nc3 Nc6 3. g3 g6 4. Bg2 Bg7 5. d3 d6 6. Be3 Nf6 7. h3 e6 8. Qd2 O-O
9. Bh6 d5 10. Bxg7 Kxg7 11. Nge2 d4 12. Nd1 Qd6 13. f4 e5 14. O-O Ne7 15. f5 h6
16. g4 Nh7 17. Ng3 Bd7 18. h4 Qf6 19. fxg6 Qxg6 20. Nf5+ Nxf5 21. gxf5 Qg4 22.
Qf2 Rg8 23. Kh2 Kh8 24. Bf3 Qf4+ 25. Kh3 Nf6 26. Be2 Qxf2 27. Nxf2 Rg7 28. Rg1
Rag8 29. Rxg7 Rxg7 30. Kh2 Kh7 31. Rg1 Rxg1 32. Kxg1 1/2-1/2

[Event "Politiken Cup 2007"]
[Site "Helsingor"]
[Date "2007.07.25"]
[Round "6.101"]
[White "Petersen, Lars"]
[Black "Moustgaard, Alvin"]
[Result "0-1"]
[WhiteElo "1958"]
[BlackElo "1607"]
[PlyCount "104"]
[EventDate "2007.??.??"]

1. e4 c5 2. Nf3 d6 3. Bb5+ Bd7 4. Bxd7+ Nxd7 5. O-O g6 6. c3 Bg7 7. d4 cxd4 8.
cxd4 Ngf6 9. Nc3 O-O 10. Ng5 h6 11. Nh3 Qb6 12. Nf4 e6 13. Rb1 Rac8 14. Be3 Qa5
15. a4 Nb6 16. Bd2 Nc4 17. Be1 Qb6 18. b3 Na5 19. Kh1 Nd7 20. Nfe2 Nc6 21. Nb5
d5 22. e5 a6 23. Nd6 Rc7 24. b4 Ncxe5 25. dxe5 Bxe5 26. Nxf7 Rxf7 27. Qd3 Kh7
28. f4 Rc4 29. Bd2 Bd6 30. f5 gxf5 31. Qh3 Rf6 32. Nf4 Bxf4 33. Rxf4 Rxf4 34.
Bxf4 Qd4 35. Bd6 Qe4 36. Rc1 d4 37. Bg3 Qe2 38. Re1 Qc2 39. Qh5 f4 40. Qe8 fxg3
41. Qxd7+ Kg6 42. Qxd4 Qf2 43. Qg4+ Kf7 44. Qd1 gxh2 45. Qd7+ Kg6 46. Qe8+ Kg5
47. Rc1 Kg4 48. Qg8+ Kf5 49. Rc5+ e5 50. g4+ Kf4 51. Rc4+ Kg3 52. Rc3+ Rf3 0-1

[Event "Politiken Cup 2007"]
[Site "Helsingor"]
[Date "2007.07.25"]
[Round "6.102"]
[White "Suntharalingam, Jathavan"]
[Black "Jorgensen, Kasper Moller"]
[Result "0-1"]
[WhiteElo "1540"]
[BlackElo "1954"]
[PlyCount "110"]
[EventDate "2007.??.??"]

1. e4 e6 2. d4 d5 3. Nc3 Nf6 4. Bg5 Bb4 5. e5 h6 6. exf6 hxg5 7. fxg7 Rg8 8.
Qh5 Qf6 9. Qh7 Qxg7 10. Qxg7 Rxg7 11. Be2 Nc6 12. O-O-O Bd7 13. g4 Be7 14. Nf3
O-O-O 15. Bb5 Rh8 16. Rd2 Rgh7 17. Ne2 f6 18. Ng3 Bd6 19. Re2 Rh3 20. Ree1 Na5
21. Bf1 R3h6 22. Bd3 c5 23. c3 c4 24. Bc2 Kc7 25. b4 Nc6 26. Kb2 Rh3 27. Bg6
Be8 28. Bxe8 Rxe8 29. Ng1 Rh7 30. Nh5 Rf7 31. Ne2 Rg8 32. f4 Kd7 33. h3 e5 34.
dxe5 fxe5 35. f5 d4 36. b5 dxc3+ 37. Nxc3 Nb4 38. Ne4 Kc7 39. Nxd6 Kxd6 40.
Rd1+ Nd3+ 41. Kc3 Kc5 42. Rb1 Rd8 43. Rhf1 Rd4 44. Ng3 Nf4 45. Rbd1 Nd5+ 46.
Kb2 c3+ 47. Kc1 Ne3 48. Rxd4 exd4 49. Re1 Kxb5 50. Ne4 Rd7 51. Nxc3+ Kc4 52.
Nd1 Ng2 53. Nb2+ Kc3 54. Nd1+ Kb4 55. Nf2 Nxe1 0-1

[Event "Politiken Cup 2007"]
[Site "Helsingor"]
[Date "2007.07.25"]
[Round "6.103"]
[White "Christensen, Casper"]
[Black "Nielsen, Jens Holm"]
[Result "1-0"]
[WhiteElo "1524"]
[BlackElo "1946"]
[PlyCount "147"]
[EventDate "2007.??.??"]

1. d4 g6 2. e4 d6 3. Nf3 Bg7 4. c3 c6 5. Bg5 Qa5 6. Bh4 Nd7 7. Qb3 Qb6 8. Bc4
Qxb3 9. axb3 h6 10. O-O e6 11. Re1 Bf6 12. Bg3 Be7 13. h3 Ngf6 14. Bh2 O-O 15.
e5 dxe5 16. Nxe5 Nxe5 17. Bxe5 Nd7 18. Bf4 g5 19. Bh2 Nf6 20. Nd2 Rd8 21. Nf3
c5 22. Rad1 cxd4 23. Rxd4 Rxd4 24. Nxd4 a6 25. b4 b5 26. Be2 Bb7 27. Bf3 Bxf3
28. Nxf3 Nd5 29. Nd4 Bf6 30. Be5 Bxe5 31. Rxe5 Nb6 32. Re3 Nc4 33. Re2 Rc8 34.
b3 Nd6 35. Ra2 Rxc3 36. Rxa6 Rc1+ 37. Kh2 Ne4 38. f3 Nd2 39. Nxb5 Nf1+ 40. Kg1
Nd2+ 41. Kf2 Nxb3 42. Nd6 Rc2+ 43. Kg3 Nd4 44. b5 Nf5+ 45. Nxf5 exf5 46. Rxh6
f4+ 47. Kh2 Kg7 48. Rc6 Rb2 49. b6 Rb5 50. Kg1 Rb1+ 51. Kf2 Rb2+ 52. Kf1 Rb1+
53. Ke2 Rb2+ 54. Kd3 Kf8 55. Kc4 Ke7 56. Kc5 f5 57. Rc7+ Kd8 58. Rg7 Kc8 59.
Rxg5 Rc2+ 60. Kd5 Kb7 61. Rg6 Re2 62. h4 Re7 63. h5 Rh7 64. h6 Ka6 65. b7+ Ka7
66. Ke5 Rh8 67. Kxf4 Kxb7 68. Rg7+ Kc6 69. h7 Kd6 70. Kxf5 Rf8+ 71. Kg6 Ke6 72.
Rf7 Rh8 73. Rf4 Ke7 74. Kg7 1-0

[Event "Politiken Cup 2007"]
[Site "Helsingor"]
[Date "2007.07.25"]
[Round "6.104"]
[White "Ringoir, Guy"]
[Black "Rolvaag, Birk Anders"]
[Result "0-1"]
[WhiteElo "1938"]
[BlackElo "1320"]
[PlyCount "74"]
[EventDate "2007.??.??"]

1. e4 c5 2. Nc3 Nc6 3. g3 g6 4. Bg2 Bg7 5. d3 Nf6 6. f4 d6 7. Nf3 O-O 8. O-O
Bd7 9. h3 Rb8 10. Kh2 b5 11. Be3 b4 12. Ne2 a5 13. Qd2 a4 14. g4 a3 15. b3 Bxg4
16. hxg4 Nxg4+ 17. Kg3 Bxa1 18. Rxa1 f5 19. exf5 gxf5 20. Ng5 Qd7 21. Bd5+ Kh8
22. Rh1 h6 23. Be6 Qe8 24. d4 Kg7 25. dxc5 Nxe3 26. Qxe3 hxg5 27. Bd5 e5 28.
Qf3 exf4+ 29. Kg2 g4 30. Qxf4 Qxe2+ 31. Kg1 Qd1+ 32. Kf2 Qxd5 33. Qg5+ Kf7 34.
Rh7+ Ke6 35. Rh6+ Ke5 36. Qg7+ Ke4 37. Rxd6 Qxc5+ 0-1

[Event "Politiken Cup 2007"]
[Site "Helsingor"]
[Date "2007.07.25"]
[Round "6.105"]
[White "Fjellheim, Marius"]
[Black "Erikstad, Olav"]
[Result "1-0"]
[WhiteElo "1318"]
[BlackElo "1936"]
[PlyCount "53"]
[EventDate "2007.??.??"]

1. d4 g6 2. e4 Bg7 3. Nf3 d6 4. Nc3 Nf6 5. h3 O-O 6. Be3 c5 7. Qd2 cxd4 8. Nxd4
Bd7 9. Bh6 Nc6 10. Bxg7 Kxg7 11. O-O-O Nxd4 12. Qxd4 Qa5 13. Be2 b5 14. Kb1 Kg8
15. h4 b4 16. Nd5 Nxd5 17. exd5 Rac8 18. g4 Rc5 19. h5 Rfc8 20. hxg6 fxg6 21.
Rh2 e5 22. dxe6 Re5 23. exd7 Rd8 24. Rdh1 Qc7 25. Bc4+ Qxc4 26. Qxc4+ d5 27.
Qf4 1-0

[Event "Politiken Cup 2007"]
[Site "Helsingor"]
[Date "2007.07.25"]
[Round "6.106"]
[White "Karlsson, Patrik"]
[Black "Edakina, Maria"]
[Result "1-0"]
[WhiteElo "1934"]
[BlackElo "1281"]
[PlyCount "63"]
[EventDate "2007.??.??"]

1. e4 e6 2. d4 d5 3. Nd2 c5 4. exd5 exd5 5. Bb5+ Nc6 6. Qe2+ Be6 7. Ngf3 a6 8.
Bxc6+ bxc6 9. dxc5 Bxc5 10. Nb3 Be7 11. O-O Nf6 12. Nbd4 Qd6 13. Re1 Ne4 14.
Nd2 Nxd2 15. Bxd2 Bd7 16. Bf4 Qc5 17. Nb3 Qb4 18. c3 Qe4 19. Qd2 Qg6 20. Bg5
Be6 21. Bxe7 Kxe7 22. Qe3 Rhc8 23. Qc5+ Kd8 24. Nd4 Bd7 25. Re7 Kc7 26. Rae1
Re8 27. Qa5+ Kd6 28. Qb4+ Kc7 29. Rxd7+ Kxd7 30. Qb7+ Kd8 31. Qxa8+ Kc7 32.
Qxe8 1-0

[Event "Politiken Cup 2007"]
[Site "Helsingor"]
[Date "2007.07.25"]
[Round "6.107"]
[White "Agdestein, Einar Døving"]
[Black "Reppen, Ellisiv"]
[Result "0-1"]
[WhiteElo "1314"]
[BlackElo "1922"]
[PlyCount "102"]
[EventDate "2007.??.??"]

1. e4 e5 2. Nf3 Nc6 3. Bc4 Bc5 4. d3 h6 5. Nc3 Nf6 6. Ne2 d6 7. Ng3 Bg4 8. c3
O-O 9. h3 Be6 10. Bxe6 fxe6 11. Be3 Bxe3 12. fxe3 Qe8 13. O-O Rd8 14. d4 Qg6
15. d5 exd5 16. exd5 Ne7 17. Kh2 Nfxd5 18. Qb3 Kh8 19. Nh4 Qg5 20. Rxf8+ Rxf8
21. Nhf5 Nxf5 22. Nxf5 Nb6 23. e4 Qf4+ 24. Ng3 Qg5 25. Nf5 g6 26. Ng3 h5 27.
Rf1 Rxf1 28. Nxf1 Qf4+ 29. Kg1 Qxe4 30. Qf7 Qf5 31. Qxc7 Qd7 32. Qb8+ Nc8 33.
Nd2 Kg7 34. Ne4 Qc6 35. Kh2 Qxe4 36. Qc7+ Kh6 37. Qxc8 Qf4+ 38. Kh1 e4 39. Qh8+
Kg5 40. Qd8+ Qf6 41. h4+ Kf5 42. Qd7+ Kf4 43. Qxb7 Qxh4+ 44. Kg1 Kg3 45. Qxa7
Qh2+ 46. Kf1 Qxg2+ 47. Ke1 Qh1+ 48. Kd2 Qg2+ 49. Ke1 Kh2 50. Qf2 Qxf2+ 51. Kxf2
g5 0-1

[Event "Politiken Cup 2007"]
[Site "Helsingor"]
[Date "2007.07.25"]
[Round "6.108"]
[White "Viljanen, Jouko"]
[Black "Brandt, Eivind"]
[Result "1-0"]
[WhiteElo "1917"]
[BlackElo "1030"]
[PlyCount "25"]
[EventDate "2007.??.??"]

1. d4 d5 2. c4 e6 3. Nc3 Nf6 4. cxd5 exd5 5. Bg5 Be7 6. e3 O-O 7. Bd3 Re8 8.
Nf3 c6 9. O-O Nbd7 10. Rc1 Nf8 11. Ne5 Be6 12. f4 N8d7 13. f5 1-0